Artists by 80's Albums - Statistics

General Stats
  • This quiz has been taken 213 times
  • The average score is 10 of 20
Answer Stats
Year Album Artist % Correct
1982 Thriller Michael Jackson
96%
1984 Born in the U.S.A. Bruce Springsteen
94%
1984 Like a Virgin Madonna
94%
1980 Back in Black AC/DC
87%
1987 The Joshua Tree U2
83%
1985 Brothers in Arms Dire Straits
69%
1986 Master of Puppets Metallica
66%
1983 Synchronicity The Police
60%
1988 Straight Outta Compton N.W.A.
58%
1989 _____ _______'_ Rhythm Nation 1814 Janet Jackson
43%
1981 Tattoo You The Rolling Stones
43%
1981 Face Value Phil Collins
40%
1980 Diana Diana Ross
35%
1985 Hounds of Love Kate Bush
35%
1988 Tell It to My Heart Taylor Dayne
34%
1983 Can't Slow Down Lionel Richie
25%
1982 Kissing to Be Clever Culture Club
21%
1989 Pump Up the Jam Technotronic
17%
1986 Different Light The Bangles
11%
1987 Into the Fire Bryan Adams
7%
No matching quizzes found
Score Distribution
Percent of People with Each Score
Percentile by Number Answered
Your Score History
You have not taken this quiz